000 00577nam a2200193 4500
001 110516
003 ES-MaACL
005 20260121063017.0
007 t|
008 061121s1972 sp r ||||1| spa d
100 _aNabokov, Vladimir
_9239142
245 1 0 _aRey, dama, valet /
_cVladimir Nabokov (seud.) ; [ versión María Victoria Lentini].
250 _a[1ª ed.].
260 _aBarcelona :
_bLuis Caralt,
_c1972.
300 _a255 p. ;
_c20 cm.
700 1 _aLentini, María Victoria.
_971550
852 _aES-MaACL
_jC-49560
_bR.81867
999 _c110516
_d110516